|
|
|
|
| LEADER |
00916nam a2200277 4500 |
| 001 |
DLU130155143 |
| 005 |
##20131017 |
| 040 |
# |
# |
|a DLU
|b vie
|
| 041 |
# |
# |
|a vie
|
| 044 |
# |
# |
|a vn
|
| 100 |
# |
# |
|a Nguyễn Minh Thức,
|c TS.
|
| 245 |
# |
# |
|a Quan điểm lịch sử của Chủ tịch Hồ Chí Minh suy nghĩ đến việc dạy và học Lịch sử ngày nay /
|c Nguyễn Minh Thức, Nguyễn Quang Huy.
|
| 653 |
# |
# |
|a Giáo dục truyền thống
|
| 653 |
# |
# |
|a Hồ Chí Minh, 1890-1969
|
| 653 |
# |
# |
|a Môn Lịch sử
|
| 700 |
# |
# |
|a Nguyễn Quang Huy.
|
| 773 |
# |
# |
|t Tạp chí Dạy và học ngày nay
|g Số 6, 2012, tr. 57
|
| 920 |
# |
# |
|a Phòng Tạp chí -- Trung tâm Thông tin - Thư viện Trường Đại học Đà Lạt
|
| 994 |
# |
# |
|a DLU
|
| 900 |
# |
# |
|a True
|
| 911 |
# |
# |
|a Nguyễn Thị Linh Chi
|
| 925 |
# |
# |
|a G
|
| 926 |
# |
# |
|a A
|
| 927 |
# |
# |
|a BB
|
| 980 |
# |
# |
|a Thư viện Trường Đại học Đà Lạt
|